Policies for innovation in the service sector : Identification and structure of relevant factors

Saved in:
Bibliographic Details
Format: Book
Language:Undetermined
Published: Paris OCED Press 1977
Subjects:
Tags: Add Tag
No Tags, Be the first to tag this record!
Institutions: Trung tâm Học liệu Trường Đại học Cần Thơ
LEADER 00478nam a2200157Ia 4500
001 CTU_78077
008 210402s9999 xx 000 0 und d
082 |a 309.2 
082 |b P766 
245 0 |a Policies for innovation in the service sector : 
245 0 |b Identification and structure of relevant factors 
260 |a Paris 
260 |b OCED Press 
260 |c 1977 
650 |a Community development,Social policy 
980 |a Trung tâm Học liệu Trường Đại học Cần Thơ